| 000 | 00946nam a2200253 a 4500 | ||
|---|---|---|---|
| 001 | BRCA_2330 | ||
| 005 | 20190320203749.0 | ||
| 008 | 020712s2003 txua---##b---s001-0#eng-# | ||
| 020 | _a0292712456 | ||
| 040 |
_aDLC _cDLC _dDLC |
||
| 050 | 4 |
_aND1312 _b.C37 2003 |
|
| 100 | 1 |
_aCarrera, Magali Marie _d1950- _97004 |
|
| 245 | 1 | 0 |
_aImagining Identity in New Spain _bRace, Lineage, and the Colonial Body in Portraiture and Casta Paintings _cMagali M. Carrera. |
| 260 |
_aAustin _bUniversity of Texas _c2003 |
||
| 300 |
_axviii, 188 p. _bil. (algunas a color) _c24 cm. |
||
| 440 | 0 |
_aJoe R. and Teresa Lozano Long series in Latin American and Latino Art and Culture _97005 |
|
| 500 | _aIncluye índice alfabético | ||
| 504 | _aBibliografía: p. 174-183 | ||
| 650 | 1 | 4 |
_aPintura de castas _94649 |
| 650 | 1 | 4 |
_aMestizos en el arte _97006 |
| 651 | 4 |
_aMéxico _xVida social y costumbres _ySiglo XVIII _93954 |
|
| 653 | 0 | _aVida cotidiana | |
| 942 |
_2lcc _cB |
||
| 999 |
_c2075 _d2075 |
||